| 000 | 01251nam a2200301 a 4500 | ||
|---|---|---|---|
| 001 | BRCA_5422 | ||
| 005 | 20190320205054.0 | ||
| 008 | 810917s1930----nyuace###c---#000-0#eng-# | ||
| 041 | _aeng | ||
| 044 | _anyu | ||
| 050 | 4 |
_aND140 _b.T73 1930 |
|
| 100 | 1 |
_aTrapier, Elizabeth du Gué _913854 |
|
| 245 | 1 | 0 |
_aCatalogue of paintings _b(14th, 15th centuries) in the collection of the Hispanic Society of America _cby Elizabeth du Gué Trapier. |
| 260 |
_aNueva York _bOrder of the Trustees _c1930 |
||
| 300 |
_aliii, 256 p. _bil., retratos, 74 láminas, 1 plano _c19 cm. |
||
| 440 | 0 |
_aHispanic notes & monographs: essays, studies, and brief biographies issued by the Hispanic Society of America _97657 |
|
| 500 | _aIncluye índice de pinturas por número, índice de láminas e índice alfabético | ||
| 500 | _aCon noventa y cinco ilustraciones | ||
| 500 | _aVer también M24 para Siglo XVI, XVII y XVIII y M28A para Siglo XIX y XX | ||
| 500 | _aM28 | ||
| 504 | _aBibliografía: p. 220-238 | ||
| 650 | 1 | 4 |
_aPinturas _vCatálogos _zNueva York _913820 |
| 650 | 1 | 4 |
_aPinturas _xHistoria _zEspaña _913821 |
| 650 | 1 | 4 |
_aGalerías y museos _zEstados Unidos _97437 |
| 710 | 2 |
_aThe Hispanic Society of America _910966 |
|
| 902 | _aGFM | ||
| 942 |
_2lcc _cB |
||
| 999 |
_c5116 _d5116 |
||